01024nam a2200229 a 450000100060000000300080000600500170001400800410003102000260007203500190009804000270011704100080014408200380015211000360019024501680022626000550039430000340044949001120048365100360059565100510063183001120068262240BD-RjUL20211209081047.0170122s1985 bg a eng | c: Tk. 300.00 (Inland) a(BD-RjUL)62366 aANLbengdANLcBD-RjUL aeng 223a304.6095492021bBOG 1985 (TS) aBangladesh Bureau of Statistics10aBangladesh population census, 1981:bCommunity tables of all Thanas of Bogra District : Bogra Sadar and Joypurhat Sub-Division / /cBangladesh Bureau of Statistics aDhaka, :bBangladesh Bureau of Statistics, c1985 aCXIX, 595 p. :bIll ;c28 cm. aThana Series: Community tables of all Thanas of Bogra District : Bogra Sadar and Joypurhat Sub-Division / / aBangladeshzBogravcensus, 1981 aBangladeshzBograxPopulationvStaisticsy1981 aThana Series: Community tables of all Thanas of Bogra District : Bogra Sadar and Joypurhat Sub-Division / /